Religion Quiz

Random Religion or Judaism Quiz

Belshazzar's Feast Multiple Choice Quiz Stats

Quiz not verified by Sporcle

Score 0/15 Timer 02:00
0 Plays Today
Question Answer Wrong Answers
Belshazzar was the grandson of what Babylonian king? Nebuchadnezzar
79%
Nabopolassar
5.8%
Nabonidus
4.5%
Cyrus
9.4%
While throwing a party, he did something that was a great offense to the God of the Jews. What did he do? Drank out of the goblets and cups taken from Solomon's Temple.
68.6%
Made fun of the God of the Jews.
6.8%
Built an idol to the Jewish God.
13.6%
Forbade the worship of the Jewish God.
8.4%
During the party, what appeared? A hand without a body writing on the wall
68.3%
An angel of the Lord
15.2%
God
6.1%
A demon
4.5%
What does the inscription 'Mene Mene' mean? God has numbered the days of your kingdom and brought it to an end.
64.7%
There are many, many of the enemy going to invade.
7.8%
You have greatly offended God and 10 plagues are coming.
4.5%
Your life has very few minutes left.
4.9%
Belshazzar was a king in what kingdom? Babylon
60.5%
Assyria
14.2%
Egypt
6.5%
Persia
18.4%
Which prophet did Belshazzar call upon to interpret the inscription? Daniel
59.2%
Isaiah
8.1%
Ezekiel
11.3%
Jeremiah
6.1%
What was the third word written on the wall? Tekel
51.5%
Mene
17.2%
Parsin
9.4%
Jehovah
11.3%
What was the first word written on the wall? Mene
51.1%
Tekel
12.6%
Parsin
5.5%
Jehovah
23%
What does the inscription 'Tekel' mean? You have been weighed and found wanting.
48.5%
Your technology is feeble compared to the power of the Lord.
3.9%
God shall take all of your kingdom away from you.
18.4%
Tekel, the king of Assyria, will destroy your kingdom.
9.4%
What was the fourth word written on the wall? Parsin
47.2%
Mene
7.1%
Tekel
9.7%
Jehovah
23%
This story takes place in the Biblical/historical time period known as the Jewish ___. Exile
45.3%
War
3.6%
Revival
7.8%
Exodus
12.3%
For reading off the inscription, what does Belshazzar offer Daniel? A chain of gold, a purple robe, and to be third highest in the kingdom.
41.4%
His daughter in marriage and his body weight in gold.
13.3%
Offerings in which to placate God.
9.7%
A purple robe and to be made prince of Assyria.
10.4%
What does the insription 'Parsin' mean? The kingdom is divided and given to the Medes and Persians.
41.4%
You shall all perish for profaning the name of the Lord most high.
19.7%
Parsin shall become the new king of Babylon in your place.
5.2%
Babylon is finished and the Jews shall return to Jerusalem for their exile is at an end.
13.6%
What was the second word written on the wall? Mene
40.5%
Tekel
26.9%
Parsin
7.4%
Jehovah
15.9%
Which Persian king takes over the kingdom that night? Darius
31.1%
Cyrus
17.5%
Artaxerxes
4.9%
Xerxes
20.7%

You're not logged in!

Compare scores with friends on all Sporcle quizzes.
Join for Free
OR
Log In

You Might Also Like...

Show Comments

Extras

Top Quizzes Today


Score Distribution

Your Account Isn't Verified!

In order to create a playlist on Sporcle, you need to verify the email address you used during registration. Go to your Sporcle Settings to finish the process.

Report this User

Report this user for behavior that violates our Community Guidelines.

Details: